000 00721nam a22002297a 4500
999 _c10585
_d10585
003 AR-CdUCM
008 190401b ||||| |||| 00| 0 spa d
040 _aMUNICIPALIDAD PROVINCIAL DEL CUSCO
_cBIBLIOTECA MUNICIPAL DEL CUSCO
041 _heng
082 _22ed
_aES / 032 /
_bF81
100 _aFrankel, Godfrey
_927535
245 _aCreaciones manuales /
260 _aMadrid :
_bSantillana,
_c1967.
300 _a101 páginas :
_bIlustraciones,
_c21 cm.
505 _aContenido: Enciclopedia de las aficiones.
650 _aEnciclopedia de las aficiones
_927536
650 _aLibros de manualidades
_927537
650 _aSiglo XX
_98
700 _aFrankel, Lillian
_927538
942 _2ddc
_cLIBROS
945 _adavv